| 000 | 00439nam a22001577a 4500 | ||
|---|---|---|---|
| 020 | _a0521497671 | ||
| 082 | _a428.0076 JAK | ||
| 100 | _aJakeman, Vanessa. | ||
| 245 | _aCambridge practice tests for ielts 1 self-study Edition | ||
| 260 |
_aUK _bCambridge University Press _c1996 |
||
| 300 |
_aiv, 156 p. ; _eCD-ROM |
||
| 490 | _aIelts practice tests. | ||
| 650 | _aExamination Papers IELTS | ||
| 700 | _aMcDowell Clare | ||
| 942 | _cBK | ||
| 999 |
_c491111 _d491111 |
||